000 00400nab a2200133Ia 4500
003 ES-SlBCS
005 20210601131742.0
008 140529s1932 xxu||||| |||| 00| 0 fre d
041 _afre
100 1 _aDuhamelet, Geneviève
_9188532
245 0 0 _aBienheureux ceux qui pleurent
_c Geneviève Duhamelet
773 0 _tVie Intelectuelle (La)
_gvol. 17, nº. 3, 1932, págs. 521-522
_wRev907
942 _cAR
999 _c568195
_d568195